The Conduct of War 1789-1961 (Record no. 193939)
[ view plain ]
| 000 -LEADER | |
|---|---|
| fixed length control field | 00933 a2200157 4500 |
| 003 - CONTROL NUMBER IDENTIFIER | |
| control field | Nust |
| 005 - DATE AND TIME OF LATEST TRANSACTION | |
| control field | 20170207154113.0 |
| 040 ## - CATALOGING SOURCE | |
| Transcribing agency | Nust |
| 082 ## - DEWEY DECIMAL CLASSIFICATION NUMBER | |
| Classification number | 355.02 |
| 100 ## - MAIN ENTRY--PERSONAL NAME | |
| Personal name | Major-General J.F.C. Fuller |
| 245 ## - TITLE STATEMENT | |
| Title | The Conduct of War 1789-1961 |
| Statement of responsibility, etc. | Major-General J.F.C. Fuller |
| 260 ## - PUBLICATION, DISTRIBUTION, ETC. | |
| Place of publication, distribution, etc. | london |
| Name of publisher, distributor, etc. | Methuen |
| Date of publication, distribution, etc. | 1986 |
| 300 ## - PHYSICAL DESCRIPTION | |
| Extent | 852p; |
| 505 ## - FORMATTED CONTENTS NOTE | |
| Formatted contents note | The Limited Wars of the Absolute Kings (Page-15) The Rebirth of Unlimited War (Page-26) Napoleonic Warfare (Page-42) The Theories of Clausewitz (Page-59) The Influences of the Industrial Revolution (page-77) Vi The American Civil War 1861-1865 (Page-95) Moltke , Foch and Bloch (Page-118) The Roots of Armageddon (Page-131) The Conduct of World War (Page-151) Lenin and the Russian Revolution (Page-183) Soviet Revolutionary Warfare (Page-202) The Twenty Years Armistice (Page-217) The Conduct of World War ii (Page-248) The Problem of Peace (Page-310) |
| 538 ## - SYSTEM DETAILS NOTE | |
| System details note | Almirah No.52, Shelf No.6 |
| 942 ## - ADDED ENTRY ELEMENTS (KOHA) | |
| Source of classification or shelving scheme | |
| Koha item type | Book |
| Withdrawn status | Lost status | Source of classification or shelving scheme | Damaged status | Not for loan | Collection code | Permanent Location | Current Location | Date acquired | Total Checkouts | Full call number | Barcode | Date last seen | Price effective from | Koha item type |
|---|---|---|---|---|---|---|---|---|---|---|---|---|---|---|
| Military College of Signals (MCS) | Military College of Signals (MCS) | 12/12/2016 | 355.02 FUL | MCS27684 | 12/08/2016 | 12/12/2016 | Book |
